000
00269 a2200121 4500
001
67625
040
_c
Anchieta - Pituba
240
1
0
_a
Lingo macht mint, heft 8
_l
deu / ger
245
1
0
_a
Lingo macht mint, heft 8
300
_a
10
650
4
_a
Língua alemã
942
_c
BK
999
_c
67625
_d
67625